| 000 | nam a22 7a 4500 | ||
|---|---|---|---|
| 999 |
_c105 _d105 |
||
| 005 | 20170417161548.0 | ||
| 008 | 170417b2009 -uk||||| |||| 00| 0 eng d | ||
| 020 | _a9781847983152 | ||
| 040 | _aAKMAL | ||
| 082 | _a343 CCH | ||
| 090 |
_a343 _bCCH |
||
| 245 | _aBRITISH VALUE ADDED TAX CASES 2009 | ||
| 300 | _c23cm | ||
| 599 | _aDALAM PROSES | ||
| 650 |
_aValue-added tax _xLaw and legislation _zGreat Britain _9271 |
||
| 650 |
_xCases. _9276 |
||
| 942 |
_2ddc _cBOOK |
||